|
|
|
|
| LEADER |
00000nam0a2200000 4500 |
| 001 |
270623 |
| 005 |
20231101234348.0 |
| 020 |
|
|
|a RU
|b 87-35528
|
| 035 |
|
|
|a (RuTPU)RU\TPU\book\293804
|
| 090 |
|
|
|a 270623
|
| 100 |
|
|
|a 20140930d1987 k y0rusy5003 ca
|
| 101 |
1 |
|
|a rus
|
| 102 |
|
|
|a RU
|
| 105 |
|
|
|a y z 000zy
|
| 200 |
1 |
|
|a Ответственность в системе управления: вопросы теории и практики
|e сборник статей
|e пер.
|f под ред. Р. А. Белоусова
|
| 210 |
|
|
|a Москва
|c Прогресс
|d 1987
|
| 215 |
|
|
|a 247 с.
|
| 225 |
1 |
|
|a Реальный социализм: теория и практика
|
| 606 |
1 |
|
|a Народное хозяйство
|x Социалистические страны
|x Управление
|2 stltpush
|3 (RuTPU)RU\TPU\subj\36519
|9 57867
|
| 610 |
1 |
|
|a ответственность
|
| 610 |
1 |
|
|a социалистическая система
|
| 610 |
1 |
|
|a теория
|
| 610 |
1 |
|
|a практика
|
| 610 |
1 |
|
|a управление
|
| 610 |
1 |
|
|a социалистическая экономика
|
| 610 |
1 |
|
|a 20 век
|
| 686 |
|
|
|a У621
|v LBC/SL-A
|2 rubbk
|
| 702 |
|
1 |
|a Белоусов
|b Р. А.
|4 340
|
| 801 |
|
0 |
|a RU
|b RuMRKP
|c 19950417
|g psbo
|
| 801 |
|
1 |
|a RU
|b 63413507
|c 20140930
|
| 801 |
|
2 |
|a RU
|b 63413507
|c 20161205
|g RCR
|
| 942 |
|
|
|c BK
|